Game Theory's 100 most popular video's topics - Statistics

General Stats
  • This quiz has been taken 111 times
  • The average score is 71 of 100
Answer Stats
Rank titel Subject % Correct
2 [....]'s scariest monster is you! Five Nights at Freddy's
99%
3 [....], the clue that solves [....]! Five Nights at Freddy's
99%
4 [....], the final Timeline ([....]) Five Nights at Freddy's
99%
5 [....] 2, gaming's scariest story solved! Five Nights at Freddy's
99%
6 We were right all along! ([....]) Five Nights at Freddy's
99%
8 [....] Mysteries solved pt. 1 Five Nights at Freddy's
99%
9 [....] 4 got it all wrong! Five Nights at Freddy's
99%
10 [....] 6, no more secrets ([....]) Five Nights at Freddy's
99%
11 Why [....] will never end Five Nights at Freddy's
99%
12 [....], This is the end ([....]) Five Nights at Freddy's
99%
13 The killer's promise | [....] Five Nights at Freddy's
99%
14 [....] Decoded! ([....]) Five Nights at Freddy's
99%
15 [....], We were wrong about the bite ([....]) Five Nights at Freddy's
99%
16 [....] Mysteries solved pt 2 (first half) Five Nights at Freddy's
99%
18 [....], You were meant to lose ([....]) Five Nights at Freddy's
99%
19 [....], The answer was right in front of us ([....]) Five Nights at Freddy's
99%
23 [....] Mysteries solved pt 2 (second half) Five Nights at Freddy's
99%
33 [....], The theory that changed everything!! ([....]) Five Nights at Freddy's
99%
34 [....], The monster we missed! ([....]) Five Nights at Freddy's
99%
35 Follow the eyes! | [....] Five Nights at Freddy's
99%
38 [....], The final theory! ([....]) - pt 2 Five Nights at Freddy's
99%
40 Can you survive [....] irl? | free episode game lab [....] Five Nights at Freddy's
99%
42 [....], The final theory! ([....]) - pt 1 Five Nights at Freddy's
99%
48 Don't trust gregory ([....]) Five Nights at Freddy's
99%
53 [....], What was in the box? ([....]) Five Nights at Freddy's
99%
54 [....] Stumped me! ([....]) Five Nights at Freddy's
99%
55 [....] 7, The untold story of [....] Five Nights at Freddy's
99%
62 [....], The secret crimes of 1985 Five Nights at Freddy's
99%
63 [....], The ultimate timeline Five Nights at Freddy's
99%
64 [....], The clue that almost solves everything! ([....]) Five Nights at Freddy's
99%
65 [....] Just got a reboot... ([....]) Five Nights at Freddy's
99%
72 [....], Another mystery solved! Five Nights at Freddy's
99%
75 [....], Is golden [....] really in [....]? ([....]) Five Nights at Freddy's
99%
79 [....], We solved golden [....]! ([....]) Five Nights at Freddy's
99%
81 [....], The grave robber ([....]) Five Nights at Freddy's
99%
86 [....], Goodbye father ([....]) Five Nights at Freddy's
99%
87 [....], Golden [....]... not what we thought! Five Nights at Freddy's
99%
88 [....], The rise of afton ([....]) Five Nights at Freddy's
99%
90 3 new [....] theories! Five Nights at Freddy's
99%
92 [....], The cult of [....] ([....]) Five Nights at Freddy's
99%
94 [....], I know the big twist... i think Five Nights at Freddy's
99%
20 The [....] timeline's shocking reveal Mario
87%
22 [....] Unmasked pt. 2 ([....]) Mario
87%
24 Why [....] is Mental, Part 1 Mario
87%
30 [....] Unmasked pt. 1 ([....]) Mario
87%
37 How deadly is [....]'s bullet [....]? Mario
87%
41 [....]'s Deadly secret ([....]) Mario
87%
45 [....], The richest man in the [....] kingdom? ([....]) Mario
87%
51 [....]'s Broken home in [....] Mario
87%
56 Why [....] is mental, part 2 Mario
87%
60 [....]'s Secret identity ([....]) Mario
87%
67 [....] Maker, bigger than the universe! Mario
87%
69 Why [....] 8 is [....]'s deadliest game! Mario
87%
83 [....] is communist?!? Mario
87%
89 [....], The problems with [....] Mario
87%
25 What are [....]?!? Minecraft
87%
36 The lost history of [....]'s [....] Minecraft
87%
44 The mystery of [....]'s haunted discs ([....]) Minecraft
87%
58 [....]'s Ending, decoded! Minecraft
87%
61 The lost history of [....]'s wither Minecraft
87%
66 The tragic story of [....]'s zombie [....] ([....]) Minecraft
87%
84 The [....] warden... solved! W/ dream Minecraft
87%
97 [....], Stop punching trees! Minecraft
87%
39 Who is w.d. [....]? ([....]) Undertale
60%
46 [....] - [....]'s Secret identity! Undertale
60%
57 Are [....] cops racist? ([....]) GTA
54%
28 Is [....] dead in [....]? Legend of Zelda
51%
82 Which [....] rules them all? ([....]) Legend of Zelda
51%
59 [....]'s Companion cube has a dark secret Portal
49%
43 [....]'s Satanic plot! Hello Neighbor
46%
17 Goodbye internet Personal
46%
91 Did dream fake his speedrun? A final analysis. YouTube
43%
73 Can chicken nuggets save your life?! | [....] Kindergarten
42%
52 The bloody history of [....] Poppy Playtime
42%
27 Draw my life - game theory, mat pat, and you! Personal
40%
93 New show! Get ready for [....]! YouTube
40%
70 [....] Lore, you will always lose! Among us
39%
100 [....], The 300 iq [....] strategy that wins every time Among us
39%
99 [....] Bottle caps are worth how much?!? Fallout
39%
21 Losing the Battle Personal
37%
78 The dirty secrets of [....] simulator PowerWash Simulator
31%
1 Can gamers survive the real [....]? Mirror's Edge
30%
71 Beware [....] c̸̛̊rO̵̼̮͐̄́̀͘W̴̘̪͈̆ 6̵̓͛͒4̴̈͗̃̋ c̶̾́́̀̑Ȑ̸̲̪̅͘O̶w̵̄̀̆̅̕͝ 6̴̞̓̒̈́̇4̶̩̘͗͌̉ Crow 64
25%
7 [....]'s killer dog... unmasked! ([....]) Duck Season
25%
74 Solving [....]'s "death" ([....]) Pokemon
25%
95 Humans are [....] Pokemon
25%
49 How [....] exposes disney's cartoon conspiracy ([....]) Bendy and the Ink Machine
24%
80 We were totally wrong! What [....]'s ending really meant ([....]) Bendy and the Ink Machine
24%
47 [....] Armor's fatal flaw! Halo
21%
29 What is a [....]? The scientific proof! Kirby
21%
50 [....] - The scariest game you'll never play! Petscop
21%
98 Best [....] in gaming Boobs
18%
31 [....]'s Scariest monster is hiding in plain sight ([....]) Doki Doki Literature Club
18%
32 [....] Decoded! ([....]) Doki Doki Literature Club
18%
68 The [....]... Male or female? Team Fortress
18%
76 [....] Tragic hidden lore Super Smash Bros
15%
77 Why [....] ghosts should terrify you Call of Duty
12%
85 The disturbing lore of [....] Merge Mansion
12%
96 [....]'s Sinful secret business! Cuphead
9%
26 Does [....] die?!? [....]'s endings explained. The Binding of Isaac
9%
No matching quizzes found
Score Distribution
Percent of People with Each Score
Percentile by Number Answered
Your Score History
You have not taken this quiz